La movilidad de la mano de obra en búsqueda de empleo

Shranjeno v:
Bibliografske podrobnosti
Glavni avtor: Santos de Morais, Clodomir
Format: Texto
Izdano: s.l.: s.e.
Oznake: Označite
Brez oznak, prvi označite!

MARC

LEADER 00000 a a2200000 04500
001 24337
003
040
090 |a 166700  
100 |a Santos de Morais, Clodomir  
245 |a La movilidad de la mano de obra en búsqueda de empleo  
260 |a s.l.:   |b s.e.  
300 |a 42 p.   |b **no definido**  
999 |c 11757  |d 11757